00792nam a2200253 a 4500001001300000003000900013005001700022008004100039020001000080082001500090100001600105245003500121260004200156300000900198500003500207505004300242650001700285700001600302902000800318942000700326952009500333952009500428999001500523nice12345678IN_TiNIC20260116011908.0050524s1947 lona grp 000 0 eng  ac10000a221.1bHEB aBebert, A G aAuthority of the Old Testament aLondonbFaber and Faber Limitedc1947 a326p aincludes index and biblioraphy2 aIndex and Index of Scripture reference aBible-Origin1 aBebert, A G bSRS cBK 00104070aHMIbHMId0000-00-00g100.00l0o221.1 HEBp6483r0000-00-00w2026-01-16yARB 00104070aHMIbHMId0000-00-00g100.00l0o221.1 HEBp07775r0000-00-00w2026-01-16yEB c4776d4776